Highway Planning Technical Report (Record no. 543177)

000 -LEADER
fixed length control field 00332nam a22001217a 4500
082 ## - DEWEY DECIMAL CLASSIFICATION NUMBER
Classification number 388.1
Author Mark UNI
245 ## - TITLE STATEMENT
Title Highway Planning Technical Report
260 ## - PUBLICATION, DISTRIBUTION, ETC.
Place of publication, distribution, etc. Washtintong DC
Name of publisher, distributor, etc. US Department of Transportation
300 ## - PHYSICAL DESCRIPTION
Extent 31 p.:
Other physical details ill
Dimensions 30 cm.
526 ## - STUDY PROGRAM INFORMATION NOTE
Program name 0
Interest level 0
Reading level 0
Title point value 388_100000000000000_UNI
650 ## - SUBJECT ADDED ENTRY--TOPICAL TERM
Topical term or geographic name entry element MCE
9 (RLIN) 379
942 ## - ADDED ENTRY ELEMENTS (KOHA)
Source of classification or shelving scheme
Koha item type Book
Holdings
Withdrawn status Lost status Source of classification or shelving scheme Damaged status Not for loan Permanent Location Current Location Date acquired Total Checkouts Full call number Barcode Date last seen Price effective from Koha item type
          Military College of Engineering (MCE) Military College of Engineering (MCE) 03/10/2014   388.1 UNI MCE-41993 03/10/2014 03/10/2014 Book
© 2023 Central Library, National University of Sciences and Technology. All Rights Reserved.